000
00260nam a2200109 a 4500
008
110107s1972|||| d
260
_b
Pravda
_a
Bratislava
_c
1972
020
_c
12
041
_a
slo
044
_a
xo
_c
SK
245
1
0
_a
Stručný životopis V.I. Lenina
999
_c
15565
_d
15565